000 00987nam a22002897a 4500
003 OSt
005 20250827113051.0
008 250827b |||||||| |||| 00| 0 eng d
020 _a9789811960345 (Paperback)
024 _cUSD 50.00
040 _aNUST
_beng
_cNUST
_dNUST
_erda
050 _aS633 TAJ
100 _aTajarudin, Husnul Azan
_eAuthor
245 _aBiocoating for fertilizer industry /
_cHusnul Azan Tajarudin and Charles Wai Chun Ng.
260 _aSingapore :
_bSpringer,
_c©2022.
300 _aix, 72 pages :
_bIllustrations ;
_c24 cm.
336 _2rdacontent
_atext
_btxt
337 _2rdamedia
_aunmediated
_bn
338 _2rdacarrier
_avolume
_bnc
440 _aSpringerBriefs in applied sciences and technology.
504 _aIncludes bibliographical references.
650 _aAgricultural biotechnology.
650 _aCoatings.
650 _aFertilizers.
700 _aChun Ng, Charles Wai
_eAuthor
942 _2lcc
_cBOOKS
_hS633 TAJ
_kS
_mTAJ
_n0
999 _c172326
_d172326